| 000 | 00834cam a22002655a 4500 | ||
|---|---|---|---|
| 001 | 16311973 | ||
| 005 | 20151116153444.0 | ||
| 008 | 100701t2010 nyu frb 001 0 eng d | ||
| 020 | _a9780071664868 (alk. paper) | ||
| 020 | _a0071664868 | ||
| 040 |
_aDLC _cDLC _dDLC _dEG-ScBUE _beng |
||
| 082 | 0 | 4 |
_a658.8 _222 _bVER |
| 100 | 1 |
_aVerdino, Greg. _938752 |
|
| 245 | 1 | 0 |
_aMicromarketing : _bget big results by thinking and acting small / _cGreg Verdino. |
| 260 |
_aNew York : _bMcGraw-Hill, _cc.2010. |
||
| 300 |
_axxvi, 260 p. ; _c24 cm. |
||
| 500 | _aIndex : p. 251-258. | ||
| 504 | _aBibliography : p. 247-250. | ||
| 650 | 7 |
_aMarketing. _2BUEsh _94499 |
|
| 650 | 7 |
_aTarget marketing. _2BUEsh _94412 |
|
| 650 | 7 |
_aInternet marketing. _2BUEsh _938532 |
|
| 651 | _2BUEsh | ||
| 653 |
_bBUSADM _cAugust2015 _cNovember2015 |
||
| 942 | _2ddc | ||
| 999 |
_c20613 _d20585 |
||